000 00309nam a2200133Ia 4500
003 LDD
040 _cLDD
082 _a327.54047 N42
100 _aBondar, Oleg
245 0 _aNew Theme on Russian- Indian Affairs
_cOleg Bondar
260 _aNew Delhi
_bRianovosti
_c2008
300 _aVol. vii.
942 _2ddc
_cG
999 _c12614
_d12614